| 000 | 01430nmc a2200481 a 4500 | ||
|---|---|---|---|
| 003 | AR-BaBNM | ||
| 005 | 20251128204553.0 | ||
| 008 | 045019s1977 ||||||||||||||000 | spa|| | ||
| 020 | _a84-281-0281-1 | ||
| 040 | _cAR-BaBNM | ||
| 245 | 1 | 0 | _aPsicología de la educación |
| 260 |
_aBarcelona _bOikos-tau _c1977 |
||
| 300 | 0 |
_a265 p. _bgráfs., diagr. |
|
| 490 | 0 |
_aTratado de formación de profesores _vv. 3 |
|
| 500 | 0 | _aEste volumen forma parte del Tratado de ciencias pedagógicas | |
| 500 | 0 | _aTraducción de Prudenci Comes | |
| 504 | _aBibliografía al final de cada capítulo | ||
| 504 | _aBibliografía: p. 257-259 | ||
| 600 | 1 | 4 | _aDecroly, Ovide |
| 600 | 1 | 4 | _aGesell, Arnold Lucius |
| 600 | 1 | 4 | _aTolman, Edward Chace |
| 600 | 1 | 4 | _aPiaget, Jean |
| 600 | 1 | 4 | _aLewin, Kurt |
| 600 | 1 | 4 | _aWallon, Henri |
| 650 | 4 | _aPSICOLOGIA DE LA EDUCACION | |
| 650 | 4 | _aPROCESOS PSICOPEDAGOGICOS | |
| 650 | 4 | _aDOCENTES | |
| 650 | 4 | _aEXPERIENCIA PEDAGOGICA | |
| 650 | 4 | _aFORMACION PROFESIONAL | |
| 650 | 4 | _aOBJETIVOS EDUCACIONALES | |
| 650 | 4 | _aFINALIDADES DE LA EDUCACION | |
| 650 | 4 | _aTEORIAS DEL APRENDIZAJE | |
| 650 | 4 | _aSIGLO VEINTE | |
| 653 | 0 | _aPSICOPEDAGOGIA | |
| 700 | 1 | _aMialaret, Gastón | |
| 700 | 1 | _aZazzo, René | |
| 700 | 1 | _aMalrieu, Philippe | |
| 700 | 1 | _aTabary, Jean-Claude | |
| 700 | 1 | _aLe Ny, Jean-François | |
| 700 | 1 | _aReuchlin, Maurice | |
| 942 | _cBK | ||
| 998 | _cEthel | ||
| 999 |
_c7964 _d7964 |
||